000 00220nam a22000977a 4500
003 OSt
008 210114b ||||| |||| 00| 0 eng d
100 _aAnnie Thayyil
_94528
245 _aVimanathil ninnoru kathu
942 _cBK
999 _c16499
_d16499